000 00564nam a2200169 i 4500
001 27341
003 ES-MaACL
005 20230906153611.0
007 t|
008 030114s1971 sp ||||1| spa d
100 1 _aAranguren Zubeldia, Francisco Javier.
_922322
245 1 0 _aGuía-nomenclator de la Banca en España
_b: 1971 /
_cpor Francisco Javier Aranguren Zubeldia.
260 _aPamplona :
_b[s.n.,
_c1971] (
_fInd. Gráf. Aralar)
300 _a124 p. ;
_c24 cm.
650 4 _aBancos-
_zEspaña-
_vDirectorios.
_9165998
852 _aES-MaACL
_jC-44163
_bR.78518
999 _c27341
_d27341